header

Wuzzles: Little Word Puzzles (Record no. 262972)

MARC details
000 -LEADER
fixed length control field 00219nam a22000977a 4500
020 ## - INTERNATIONAL STANDARD BOOK NUMBER
ISBN 0590101641
100 ## - MAIN ENTRY--AUTHOR NAME
Personal name Mike Thaler
245 ## - TITLE STATEMENT
Title Wuzzles: Little Word Puzzles
260 ## - PUBLICATION, DISTRIBUTION, ETC. (IMPRINT)
Place of publication New York
Name of publisher Scholastic
Year of publication 1975
942 ## - ADDED ENTRY ELEMENTS (KOHA)
Koha item type Long Loan Books
Holdings
Withdrawn status Lost status Collection code Home library Current library Shelving location Date acquired Accession Number Koha item type
    Fiction Rongo University Library Rongo University Library Children's Area 21/02/2024 CL20211544 Long Loan Books

© 2026 Rongo University
Contact us: librarian | system librarian | Rongo university